00552 2200193 4500245006700000020002200067250001100089100001100100700001900111700002700130650002100157650001000178005001900188260009800207041001400305084001000319300002000329336000900349 aKisah Petualangan Seru Kancil dan Teman-TemannyacAtisahhText a978-623-00-3039-0 aCet. 1 aAtisah aSastri Sunarti aKautsar Nadhim Novaldi aCerita Bergambar aEbook a20241105085551 aJakartabBadan Pengembangan Bahasa dan Perbukuan, Kementerian Pendidikan dan Kebudayaanc2021 aIndonesia a741.5 a63 hlm. :cilus atext